Normal view
MARC view
Entry Topical Term
001 - CONTROL NUMBER
- control field: 11827
003 - CONTROL NUMBER IDENTIFIER
- control field: BD-DhEWU
005 - DATE AND TIME OF LATEST TRANSACTION
- control field: 20140611163336.0
008 - FIXED-LENGTH DATA ELEMENTS
- fixed length control field: 140611|| aca||aabn | a|a d
040 ## - CATALOGING SOURCE
- Original cataloging agency: BD-DhEWU
- Transcribing agency: BD-DhEWU
150 ## - HEADING--TOPICAL TERM
- Topical term or geographic name as entry element: International business enterprises.
670 ## - SOURCE DATA FOUND
- Source citation: Work cat.: (BD-DhEWU)138: Cateora, Philip R. 11621, International marketing /, c2002.